LEADER 01181nam a2200229 i 4500 001 000000020768 003 CaOOAMICUS 005 20180830125445.0 008 180830s2008 it u000 u ita u 040 $aSeMil$bita 240 10$aDictionnaire des miracles et de l'extraordinaire chrétiens.$0(OLS)http://semarc/title/27404 245 10$aDizionario dei miracoli e dello straordinario cristiano /$csotto la direzione di Patrick Sbalchiero ; prefazione di René Laurentin ; [trad. di Romeo Fabbri]. 260 $aBologna :$bEDB,$c2008. 300 $a2 v. (1878 p. compless.) ;$c22 cm. 650 4$aMiracolo - Enciclopedie e dizionari.$0(OLS)http://semarc/subject/3255 700 1 $aSbalchiero, Patrick.$0(OLS)http://semarc/name/9298 700 1 $aFabbri, Romeo.$0(OLS)http://semarc/name/4845 700 1 $aLaurentin, René,$d<1917-2017>.$0(OLS)http://semarc/name/89095 774 0 $tA-K.$dBologna : EDB, 2008.$z978-88-10-23109-8$g1$w()172391 774 0 $tL-Z.$dBologna : EDB, 2008.$z978-88-10-23110-4$g2$w()175985 996 $6245$aDizionario dei miracoli e dello straordinario cristiano$9(OLS)http://semarc/title/27403 996 $6260$aBologna :$bEDB$9(OLS)http://semarc/publisher/29669 LEADER 01469nam a2200277 i 4500 001 000000042442 003 CaOOAMICUS 005 20150831000000.0 008 150831s1991 it u000 u ita u 013 $a13612 040 $aSeMil$bita 100 1 $aReato, Ermenegildo,$c.$0(OLS)http://semarc/name/20315 245 10$aPensiero e azione sociale dei cattolici vicentini e veneti dalla «Rerum Novarum» al fascismo (1891-1922) /$cErmenegildo Reato ; Saggio introduttivo di Mons. Pietro Nonis ; Presentazione di Silvio Tramontin. 260 $aVicenza :$bEdizioni Nuovo Progetto,$ccopyr. 1991. 300 $aXXXII, 340 p. :$bill. ;$c24 cm. 490 0 $aScienza & Società ;$v11 650 4$aMovimento cattolico - Italia.$0(OLS)http://semarc/subject/2567 650 4$aVicenza (Diocesi).$0(OLS)http://semarc/subject/2719 700 1 $aTramontin, Silvio,$d<1919-1997>.$0(OLS)http://semarc/name/9362 700 1 $aNonis, Pietro Giacomo .$0(OLS)http://semarc/name/21015 830 0$aScienza & Società ;$v11.$0(OLS)http://semarc/title/44057 850 $aSeMil 852 $aSeMil$W1$xVenegono$y1$m3N V 215$j8597$B8597$CSeMilBibl$Z2$F8597 $81 961 $aOmaggio: Donazione 996 $6245$aPensiero e azione sociale dei cattolici vicentini e veneti dalla «Rerum Novarum» al fascismo (1891-1922)$9(OLS)http://semarc/title/61903 996 $6260$aVicenza :$bEdizioni Nuovo Progetto$9(OLS)http://semarc/publisher/39344